书目信息 |
| 题名: |
中国戏曲通史
|
|
| 作者: | 张庚 , 郭汉城 主编 | |
| 分册: | 上册 | |
| 出版信息: | 北京 中国戏剧出版社 1980.04 |
|
| 页数: | 452页 | |
| 开本: | 20cm | |
| 丛书名: | ||
| 单 册: | ||
| 中图分类: | I207.309 | |
| 科图分类: | ||
| 主题词: | 戏曲文学--文学史--中国 | |
| 电子资源: | ||
| ISBN: | ||
| 000 | 00606nam0 2200217 45 | |
| 001 | 0302200912 | |
| 005 | 20060606091940.43 | |
| 010 | @dCNY1.90 | |
| 091 | @a8069.56 | |
| 100 | @a20030220d1980 km y0chiy0120 ea | |
| 101 | 0 | @achi |
| 105 | @a z 000zy | |
| 200 | 1 | @a中国戏曲通史@AZhong Guo Xi Qu Tong Shi@h上册@f张庚,郭汉城主编@FZhang Geng,Guo Han Cheng Zhu Bian |
| 210 | @a北京@c中国戏剧出版社@d1980.04 | |
| 215 | @a452页@d20cm | |
| 606 | 0 | @a戏曲文学@x文学史@y中国 |
| 690 | @aI207.309@v3 | |
| 701 | 0 | @a张庚@4主编 |
| 701 | 0 | @a郭汉城@4主编 |
| 801 | @aCN@bTSTC@c20060606 | |
| 905 | @dI207.309@e11:1 | |
| 中国戏曲通史.上册/张庚,郭汉城主编.-北京:中国戏剧出版社,1980.04 |
| 452页;20cm |
| ISBN :CNY1.90 |
| ● |
| 相关链接 |
|
|
|
|
正题名:中国戏曲通史
索取号:I207.309/11:1
 
预约/预借
| 序号 | 登录号 | 条形码 | 馆藏地/架位号 | 状态 | 备注 |
| 1 | 0037859 | 000546467 | 密集书库/ [索取号:I207.309/11:1] | 在馆 | |
| 2 | 0209833 | 000546378 | 密集书库/ [索取号:I207.309/11:1] | 在馆 | |
| 3 | 0209834 | 000546387 | 第一样本阅览室/ [索取号:I207.309/11:1] | 在馆 | |
| 4 | 0420376 | 204203762 | 密集书库/ [索取号:I207.309/11:1] | 在馆 |